000 02400cam a22004814a 4500
001 muse82412
003 MdBmJHUP
005 20210127151500.0
006 m o d
007 cr||||||||nn|n
008 191230t20191979mdu o 00 0 eng d
020 _a9781421437231
020 _z142143721X
020 _z9781421437217
020 _z9781421437224
020 _z1421437228
020 _z1421437236
035 _a(OCoLC)1137749522
040 _aMdBmJHUP
_cMdBmJHUP
050 4 _aPR461
_b.D35 1979
100 1 _aDawson, Carl,
_eauthor
245 1 0 _aVictorian Noon
_bEnglish Literature in 1850 /
_cCarl Dawson.
300 _a1 online resource (1 online resource xv, 268 pages) :
_billustrations
500 _aThe text of this book is licensed under a Creative Commons Attribution-NonCommercial-No Derivatives 4.0 International License
500 _aOpen access edition supported by the National Endowment for the Humanities / Andrew W. Mellon Foundation Humanities Open Book Program.
500 _aOriginally published as Johns Hopkins Press 1979, second printing 1980.
504 _aIncludes bibliographical references and index.
505 0 0 _tPoetics: The hero as poet --
_tIn memoriam: The uses of Dante and Wordsworth --
_tDramatic elegists: Arnold, Clough, and Browning at mid-century --
_tPhases of the soul: The Newman brothers --
_t"The lamp of memory": Wordsworth and Dickens --
_tMen of letters as hacks and heroes --
_tPolemics: Charles Kingsley and Alton Locke --
_tThe germ: Aesthetic manifesto --
_tPostscripts: On the eve of the great exhibition.
506 0 _aOpen Access
_fUnrestricted online access
_2star
588 0 _aDescription based on print version record.
650 0 _aEnglish literature
_y19th century
_xHistory and criticism.
655 0 _aElectronic books.
_2lcgft
655 0 _aCriticism, interpretation, etc.
_2fast
_0(OCoLC)fst01411635
655 7 _aElectronic books.
_2local
710 2 _aProject Muse.
776 1 8 _iPrint version:
_tVictorian noon.
_dBaltimore : Johns Hopkins University Press, ©1979
_w(DLC) 78013939
_w(OCoLC)4494851
710 2 _aProject Muse.
_edistributor
830 0 _aBook collections on Project MUSE.
856 4 0 _zFull text available:
_uhttps://muse.jhu.edu/book/72708/
999 _c25912
_d25912